01505nam a2200361 a 4500001001000000003000500010005001700015008004100032010001100073011001100084040000900095090001000104100004600114245013500160260004100295500006000336502009700396590004100493590004000534590004000574590004000614590004000654650002800694650003700722650002900759856007000788901000700858942001000865942000600875999001900881952012400900952011901024000109176CHAP20220329144040.0140408s2013 mx a sm |||||||spa d a105638 a106610 cCHAP aTesis1 aRevilla González, Ursula Salome912633110aHongos Ophiostomatales asociados a Dendroctonus mexicanus en Pinus leiophyllah[En línea]cpor Ursula Salome Revilla González. aChapingo, Méx. :bEl autor,c2013. aPara ver el contenido del material haga clic en la liga aTesis (Ing. Agr. Esp. en Restauración Forestal) -- UACH. División de Ciencias Forestales aBATCH-UPDb05c20141002lUCH01h0900 aE5652GLJb05c20140408lUCH01h1204 aE5652GLJb05c20140408lUCH01h1204 aE5652GLJb05c20140408lUCH01h1327 aE5652GLJb05c20141029lUCH01h132614aBosquesxPlagas.91436314aHongosxIdentificación.95610514aPinus leiophylla.988346 aFinding aiduhttp://10.13.5.2/tesis/sist109176.pdfzTeclea aquí aBK cTESIS n0 c105638d105638 00102local40718TESISaBCbBCd2014-04-08fTESISl0oTesisp33724002387900r2019-12-31 00:00:00tc.2w2014-04-08yCD 00102local40718TESISaBCbBCd2014-04-08fTESISl0oTesisp33724002387941r2019-12-31 00:00:00w2014-04-08yCD